BSOP header

Wang Ming-dao : (Record no. 27648)

MARC details
000 -LEADER
fixed length control field 00613nam a2200157 4500
008 - FIXED-LENGTH DATA ELEMENTS--GENERAL INFORMATION
fixed length control field 060709s2001 cn chi
090 ## - LOCALLY ASSIGNED LC-TYPE CALL NUMBER (OCLC); LOCAL CALL NUMBER (OCLC)
Classification number (OCLC) (R) ; Classification number, CALL (RLIN) (NR) BR1297.W3
Local cutter number (OCLC) ; Book number/undivided call number, CALL (RLIN) W18w
100 1# - MAIN ENTRY--PERSONAL NAME
Personal name Wang, Stephen C. H.
245 10 - TITLE STATEMENT
Title Wang Ming-dao :
Remainder of title the last forty years {ch} /
Statement of responsibility, etc Stephen C. H. Wang.
250 ## - EDITION STATEMENT
Edition statement 2nd ed. (simplified Chinese characters).
260 ## - PUBLICATION, DISTRIBUTION, ETC. (IMPRINT)
Place of publication, distribution, etc Ontario :
Name of publisher, distributor, etc Canada Gospel Publishing House,
Date of publication, distribution, etc c2001.
300 ## - PHYSICAL DESCRIPTION
Extent XVIII, 330 p. :
Other physical details ports.
600 14 - SUBJECT ADDED ENTRY--PERSONAL NAME
Personal name Wang, Ming-dao,
Dates associated with a name 1900-1991 {ch}.
651 #4 - SUBJECT ADDED ENTRY--GEOGRAPHIC NAME
Geographic name China
General subdivision Church history
-- Biography {ch}.
951 ## - EQUIVALENCE OR CROSS-REFERENCE-GEOGRAPHIC NAME/AREA NAME [OBSOLETE] [CAN/MARC only]
General subdivision 00033615
951 ## - EQUIVALENCE OR CROSS-REFERENCE-GEOGRAPHIC NAME/AREA NAME [OBSOLETE] [CAN/MARC only]
-- C-7915
-- BR1297.W3/W18w
-- 070613111612296
-- 2000-12-21
-- SP-C CH
Holdings
Withdrawn status Lost status Damaged status Not for loan Home library Current library Shelving location Date acquired Accession number Shelving control number Total Checkouts Full call number Barcode Date last seen Price effective from Koha item type
        BSOP Library BSOP Library Special Collections Chinese 12/21/2000 C-7915 127   BR1297.W3/W18w 00033615 02/23/2013 02/23/2013 Books
BSOP

Biblical Seminary of the Philippines
  All rights Reserved
  © 2024

CONTACT INFORMATION

Biblical Seminary of the Philippines,
  77-B Karuhatan Road, Valenzuela City,
  PHILIPPINES 1441
  Phone: +632 8292-6795 / 8292-6798
  Fax : +632 8292-6675
  Email: library@bsop.edu.ph